MARC

LEADER 00000nas a2200000 a 4500
001 ssj0000289
003 WaSeSS
005 20200512172242.0
006 m d
007 cr n
008 980511c19759999enkmr pss 0 0eng c
010 |a  2010250563 
016 7 |a 7513619  |2 DNLM 
016 7 |a J28920000  |2 DNLM 
016 7 |a 2026397-1  |2 DE-600 
022 |a 1473-4257  |l 0306-6800  |y 0306-6800 
030 |a JMETDR 
035 |a (WaSeSS)ssj0000289 
040 |a FGA  |b eng  |c FGA  |d OCL  |d OCLCQ  |d MXC  |d OCLCQ  |d FQM  |d BUF  |d EYM  |d MYG  |d CUD  |d FFQ  |d OCLCQ  |d CCO  |d NZAUC  |d OCLCQ  |d COO  |d OCLCO  |d VT2  |d OCLCQ  |d OCLCO  |d OCLCF  |d OCLCO  |d OCLCQ  |d DEFHM  |d OCLCO  |d OCLCA  |d Z5A  |d RCE  |d OCLCO  |d APUMS  |d GILDS  |d U3W  |d MOW  |d AU@  |d OCLCO  |d WYU  |d AUD  |d OCLCO  |d LEAUB  |d OCLCO  |d OCLCA  |d NJT  |d SFB  |d OCLCA  |d WaSeSS 
042 |a pcc 
050 4 |a R724  |b .J65 
060 0 0 |a W1  |b JO75I 
082 0 4 |a 174.2 
130 0 |a Journal of medical ethics (Online) 
245 1 0 |a Journal of medical ethics  |h [electronic resource]. 
246 1 3 |a JME  |f <Dec. 2004-> 
246 1 3 |a Journal of the Institute of Medical Ethics  |f <Nov. 2007-> 
260 |3 1975-<2002> :  |a London :  |b Society for the Study of Medical Ethics 
260 3 |3 <2003-> :  |a London :  |b BMJ Pub. Group 
310 |a Monthly,  |b 2005- 
321 |a Quarterly,  |b 1975-1995 
321 |a Bimonthly,  |b 1995-2004 
362 1 |a Began with: Vol. 1, no. 1 (Apr. 1975). 
500 |a Publisher varies. 
506 |a License restrictions may limit access. 
550 |a Issued by: Institute of Medical Ethics, 1985- 
580 |a Continued in part by: Medical humanities, which split off in June 2000 and assumed vol. numbering beginning with v. 26. 
588 |a Description based on: Vol. 1, no. 1 (Apr. 1975); title from PDF contents page (JSTOR, viewed Feb. 5, 2010). 
588 |a Latest issue consulted: V. 32, no. 12 (Dec. 2006) (JSTOR, viewed Feb. 5, 2010). 
650 0 |a Medical ethics  |v Periodicals. 
650 6 |a Éthique médicale  |v Périodiques. 
650 7 |a Medical ethics.  |2 fast  |0 (OCoLC)fst01014081 
650 1 7 |a Medische ethiek.  |2 gtt 
650 7 |a Medizinische Ethik  |2 gnd 
650 7 |a Zeitschrift  |2 gnd 
650 2 |a Ethics, Medical. 
650 2 |a Periodicals. 
650 2 |a Ethics, Medical  |v Periodicals. 
655 0 |a Electronic journals. 
710 2 |a Society for the Study of Medical Ethics (Great Britain) 
710 2 |a Institute of Medical Ethics (Great Britain) 
776 0 8 |i Print version:  |t Journal of medical ethics  |x 0306-6800  |w (DLC)sn 79009241  |w (OCoLC)1838186 
785 1 1 |t Medical humanities (Online)  |w (OCoLC)48801497 
856 4 0 |z Full text available from Research Library: 04/01/1975 to 6 months ago  |u https://search.proquest.com/publication/2041060